Organizational behavior. / (Record no. 8589)

MARC details
000 -LEADER
fixed length control field 00635nam a22001937a 4500
005 - DATE AND TIME OF LATEST TRANSACTION
control field 20220202104212.0
008 - FIXED-LENGTH DATA ELEMENTS--GENERAL INFORMATION
fixed length control field 220202b ||||| |||| 00| 0 eng d
020 ## - INTERNATIONAL STANDARD BOOK NUMBER
International Standard Book Number 9781292259239
050 ## - LIBRARY OF CONGRESS CALL NUMBER
Classification number HD58.7.R62(18e)
100 ## - MAIN ENTRY--PERSONAL NAME
9 (RLIN) Robbins, Stephen P.
245 ## - TITLE STATEMENT
Title Organizational behavior. /
Statement of responsibility, etc. Stephen P. Robbins and Timothy A. Judge
250 ## - EDITION STATEMENT
Edition statement 18th ed.
260 ## - PUBLICATION, DISTRIBUTION, ETC.
Place of publication, distribution, etc. New York:
Name of publisher, distributor, etc. Pearson Edu. Ltd.;
Date of publication, distribution, etc. 2019.
300 ## - PHYSICAL DESCRIPTION
Extent 770 p.:
Other physical details ill.;
Dimensions 28 cm.
500 ## - GENERAL NOTE
General note Includes Index and glossary.
505 ## - FORMATTED CONTENTS NOTE
Formatted contents note Contents: Introduction -- The individual -- The group -- The organization system
700 ## - ADDED ENTRY--PERSONAL NAME
Personal name Judge, Timothy A.
942 ## - ADDED ENTRY ELEMENTS (KOHA)
Source of classification or shelving scheme Library of Congress Classification
Koha item type Books
Holdings
Withdrawn status Lost status Source of classification or shelving scheme Damaged status Not for loan Home library Current library Shelving location Date acquired Total Checkouts Full call number Barcode Date last seen Copy number Price effective from Koha item type
    Library of Congress Classification     WISCONSIN INTERNATIONAL UNIVERSITY COLLEGE, GHANA - MAIN LIBRARY WISCONSIN INTERNATIONAL UNIVERSITY COLLEGE, GHANA - MAIN LIBRARY Reference 02/02/2022   HD58.7.R62(18e) 8705/157/20 02/02/2022 1 02/02/2022 Books
    Library of Congress Classification     WISCONSIN INTERNATIONAL UNIVERSITY COLLEGE, GHANA - MAIN LIBRARY WISCONSIN INTERNATIONAL UNIVERSITY COLLEGE, GHANA - MAIN LIBRARY Reference 02/02/2022   HD58.7.R621(18e) 8706/158/20 02/02/2022 2 02/02/2022 Books
    Library of Congress Classification     WISCONSIN INTERNATIONAL UNIVERSITY COLLEGE, GHANA - MAIN LIBRARY WISCONSIN INTERNATIONAL UNIVERSITY COLLEGE, GHANA - MAIN LIBRARY Reference 02/02/2022   HD58.7.R622(18e) 8707/159/20 02/02/2022 3 02/02/2022 Books

If you have any concerns or questions; kindly contact the library


© Powered by WIUC ICT DIRECTORATE